Laurent Blanc's Paris Saint-Germain - Statistics

General Stats
  • This quiz has been taken 14 times
  • The average score is 23 of 39
Answer Stats
Rank Player Position Nationality Matches Goals Assists % Correct
3 Edinson Cavani Centre-Forward 148 81 16
100%
4 Zlatan Ibrahimović Centre-Forward 134 121 47
92%
12 Adrien Rabiot Central Midfield 109 13 3
85%
18 Ángel Di María Right Winger 47 15 25
85%
8 Ezequiel Lavezzi Second Striker 119 24 16
85%
19 Kevin Trapp Goalkeeper 46 0 0
85%
1 Lucas Moura Right Winger 155 26 33
85%
7 Marco Verratti Central Midfield 120 3 24
85%
11 Marquinhos Centre-Back 117 9 1
85%
13 Salvatore Sirigu Goalkeeper 106 0 0
85%
17 Serge Aurier Right-Back 49 5 9
85%
5 Thiago Motta Defensive Midfield 130 7 12
85%
6 Thiago Silva Centre-Back 128 6 2
85%
2 Blaise Matuidi Central Midfield 153 17 21
77%
14 Gregory van der Wiel Right-Back 103 3 21
77%
24 Layvin Kurzawa Left-Back 25 3 5
77%
9 Maxwell Left-Back 118 10 14
77%
21 Alex Centre-Back 42 3 0
69%
15 David Luiz Centre-Back 85 8 4
69%
10 Javier Pastore Attacking Midfield 118 12 27
69%
32 Presnel Kimpembe Centre-Back 10 0 0
62%
16 Yohan Cabaye Central Midfield 57 3 4
62%
28 Christophe Jallet Right-Back 18 0 0
54%
34 Kingsley Coman Left Winger 3 0 0
54%
33 Christopher Nkunku Attacking Midfield 6 0 0
46%
23 Jérémy Ménez Centre-Forward 26 2 3
46%
20 Lucas Digne Left-Back 44 0 5
46%
31 Clément Chantôme Defensive Midfield 12 1 0
38%
26 Nicolas Douchez Goalkeeper 23 0 0
38%
27 Zoumana Camara Centre-Back 21 1 0
38%
22 Benjamin Stambouli Defensive Midfield 39 0 1
23%
25 Jean-Christophe Bahebeck Centre-Forward 25 3 6
23%
30 Hervin Ongenda Attacking Midfield 15 2 3
15%
29 Jean-Kévin Augustin Centre-Forward 18 1 1
15%
38 Jérémi Kimmakon Right Winger 1 0 0
15%
35 Kalifa Traoré Centre-Back 1 0 0
15%
37 Kévin Rimane Centre-Back 1 0 0
8%
36 Timothée Taufflieb Central Midfield 1 0 0
8%
39 Yakou Méïté Centre-Forward 1 0 0
8%
No matching quizzes found
Score Distribution
Percent of People with Each Score
Percentile by Number Answered
Your Score History
You have not taken this quiz